000 00490nam a2200181Ia 4500
008 131103s9999 xx 000 0 und d
020 _a330233807
040 _aLoreto College
041 _aEnglish
082 _aF/SMI
_bLCLIB/28475
100 _aSmith,Wilbur
245 4 _aThe Diamond hunters
_cWilbur Smith
260 _aLondon
_bPan Books in association with William Heinemann
_c1971
300 _a239 p.
_c 18 cm.
650 _aFiction in English
850 _aLCLIB
942 _cBK
999 _c15208
_d65687